BIBLIOTECA PODER JUDICIAL
Portal Judicial TDF

Conflictos del encuadramiento sindical / (Registro nro. 6430)

000 -LEADER
fixed length control field 01243nab a22002417a 4500
003 - CONTROL NUMBER IDENTIFIER
control field OSt
005 - DATE AND TIME OF LATEST TRANSACTION
control field 20260202205959.0
008 - FIXED-LENGTH DATA ELEMENTS--GENERAL INFORMATION
fixed length control field 190506c xxu||||| |||| 00| 0 spa d
040 ## - CATALOGING SOURCE
Transcribing agency PJ
100 ## - MAIN ENTRY--PERSONAL NAME
9 (RLIN) 7058
Personal name Camaño, Sandra
245 10 - TITLE STATEMENT
Title Conflictos del encuadramiento sindical /
Statement of responsibility, etc Sandra Camaño, Verónica Calarco.
260 ## - PUBLICATION, DISTRIBUTION, ETC. (IMPRINT)
Place of publication, distribution, etc Buenos Aires :
Name of publisher, distributor, etc AbeledoPerrot,
Date of publication, distribution, etc 2023.
300 ## - PHYSICAL DESCRIPTION
Extent p. 43-47
500 ## - GENERAL NOTE
General note Cita: TR LALEY AR/DOC/649/2023
505 ## - FORMATTED CONTENTS NOTE
Formatted contents note Sumario: I. Introducción.— II. Algunas de las causas que obstaculizan el encuadramiento sindical.— III. Criterios sentados en la actualidad.— IV. ¿Cuál es el procedimiento para resolver conflictos sindicales?— V. En búsqueda de criterios apropiados para resolver el conflicto.— VI. Consideraciones finales.— VII. Bibliografía complementaria.
505 ## - FORMATTED CONTENTS NOTE
Title ¿Te interesa el texto completo? Comunicate al correo: koha@justierradelfuego.gov.ar
650 #0 - SUBJECT ADDED ENTRY--TOPICAL TERM
9 (RLIN) 1316
Topical term or geographic name as entry element DERECHO LABORAL
650 #0 - SUBJECT ADDED ENTRY--TOPICAL TERM
9 (RLIN) 1367
Topical term or geographic name as entry element ASOCIACIONES SINDICALES
650 #0 - SUBJECT ADDED ENTRY--TOPICAL TERM
9 (RLIN) 1354
Topical term or geographic name as entry element CONVENIOS COLECTIVOS DE TRABAJO
700 ## - ADDED ENTRY--PERSONAL NAME
9 (RLIN) 7059
Personal name Calarco, Verónica
773 0# - HOST ITEM ENTRY
Host Biblionumber 2751
Host Itemnumber 3202
Place, publisher, and date of publication Buenos Aires : AbeledoPerrot, 2013-
Title Revista de derecho laboral y seguridad social. Nº 9 - Mayo 2023
942 ## - ADDED ENTRY ELEMENTS (KOHA)
Source of classification or shelving scheme
Koha item type Analítica Artículo de Revista

No hay ítems disponibles.

12 de Octubre 789 Ushuaia - Tel:  54(02901)441571
Horario de Atención: 8.00 a 17.00 hs. 
bibliotecaush@justierradelfuego.gov.ar
koha@justierradelfuego.gov.ar
Seguinos en nuestras redes @bibliojustdf 

Con tecnología Koha